| 000 | 00338nam a2200133 4500 | ||
|---|---|---|---|
| 999 |
_c8785 _d8785 |
||
| 003 | OSt | ||
| 005 | 20210107165524.0 | ||
| 008 | 210107b ||||| |||| 00| 0 eng d | ||
| 082 |
_a620 _bRAM |
||
| 100 | _aRamamrutham S | ||
| 245 | _aBasic civil engineering and engineering mechanics | ||
| 260 | _bDhanpat rai pulishing company | ||
| 942 | _2ddc | ||